जड़ वाला कटहल / (Record no. 148490)

MARC details
000 -LEADER
fixed length control field 02078nam a22003377a 4500
005 - DATE AND TIME OF LATEST TRANSACTION
control field 20180117143355.0
010 ## - LCCN (DPL NO)
LC control number B-685439 B-664479
020 ## - INTERNATIONAL STANDARD BOOK NUMBER
Terms of availability 60.00
International Standard Book Number 8126002689
035 ## - SYSTEM CONTROL NUMBER
System control number B-685439
035 ## - SYSTEM CONTROL NUMBER
System control number B-664479
037 ## - SOURCE OF ACQUISITION
Source of stock number/acquisition नॉर्थ इंडिया पब्लिशर्स
037 ## - SOURCE OF ACQUISITION
Source of stock number/acquisition स्टार पब्लिकेशन
082 ## - DEWEY DECIMAL CLASSIFICATION NUMBER
Classification number
Item number समुत्ति
100 ## - MAIN ENTRY--PERSONAL NAME
Personal name समुत्तिरम्
245 ## - TITLE STATEMENT
Title जड़ वाला कटहल /
Statement of responsibility, etc समुत्तिरम्; अनुवादक विजयलक्ष्मी सुन्दरराजन
246 ## - VARYING FORM OF TITLE
Title proper/short title Jad wala katahal /
Remainder of title by Samuttiram; anuvadak Vijaylakshmi Sundarrajan
260 ## - PUBLICATION, DISTRIBUTION, ETC. (IMPRINT)
Place of publication, distribution, etc नयी दिल्ली
Name of publisher, distributor, etc साहित्य अकादेमी
Date of publication, distribution, etc 2014
270 ## - ADDRESS
Address रवीन्द्र भवन,35 फीरोजशाह मार्ग
City नयी दिल्ली
Postal code 110001
300 ## - PHYSICAL DESCRIPTION
Extent 119पृ.
Dimensions 21सेमी (सजिल्द)
Other physical details
500 ## - GENERAL NOTE
General note साहित्य अकादेमी द्वारा पुरस्कृत तमिल उपन्यास
505 ## - FORMATTED CONTENTS NOTE
Formatted contents note राष्ट्रपति भवन
520 ## - SUMMARY, ETC.
Summary, etc AW
650 ## - SUBJECT ADDED ENTRY--TOPICAL TERM
Topical term or geographic name as entry element तमिल साहित्य
650 ## - SUBJECT ADDED ENTRY--TOPICAL TERM
Topical term or geographic name as entry element उपन्यास
650 ## - SUBJECT ADDED ENTRY--TOPICAL TERM
Topical term or geographic name as entry element Tamil literature
650 ## - SUBJECT ADDED ENTRY--TOPICAL TERM
Topical term or geographic name as entry element Fiction
700 ## - ADDED ENTRY--PERSONAL NAME
Personal name सुन्दरराजन, विजयलक्ष्मी
9 (RLIN) 42919
942 ## - ADDED ENTRY ELEMENTS (KOHA)
Source of classification or shelving scheme Dewey Decimal Classification
Item type Hindi Books
Classification part
Call number suffix समुत्ति
Holdings
Withdrawn status Lost status Not for loan Collection code Home library Current library Date acquired Source of acquisition Cost, normal purchase price Full call number Barcode Copy number Cost, replacement price Koha item type
      Fiction Ashok Vihar Ashok Vihar 17/01/2018 स्टार पब्लिकेशन/2241/16.02.17/344/09.02.17/03.03.17 60.00 उ समुत्ति B-664479 1 60.00 Hindi Books
      Fiction Mobile Library Mobile Library 27/12/2017 नॉर्थ इंडिया पब्लिशर्स /315/7/22-12-17/765/16-12-17/27-12-17 60.00 उ समुत्ति B-685439 1 60.00 Hindi Books

© Delhi Public Library
Hit Counter
free hit counter